| 000 | 00477nam a22001937a 4500 | ||
|---|---|---|---|
| 003 | MPLRDC | ||
| 005 | 20220104160455.0 | ||
| 008 | 210129b ||||| |||| 00| 0 eng d | ||
| 020 | _a7-5032-2547-5 | ||
| 082 | _a719.48 MYB | ||
| 100 | _a苗延波编著 | ||
| 245 |
_a地球漫步 _c |
||
| 250 | _a一版一刷 | ||
| 260 |
_a中国 _b中国旅游出版社 _c2005 |
||
| 300 | _b平 | ||
| 490 | _a地球漫步系列 | ||
| 650 | _a俄罗斯游记 | ||
| 942 |
_cBK _o719.48 MYB |
||
| 999 |
_c55004 _d54994 |
||